Matrimonio a la italiana = Mambo italiano /
Gardado en:
| Autor Principal: | |
|---|---|
| Outros autores: | , , , , , , |
| Formato: | |
| Idioma: | inglés |
| Publicado: |
Canadá :
Cinémaginaire : Production Mambo,
2003, c2003
|
| Temas: | |
| Etiquetas: |
Sen Etiquetas, Sexa o primeiro en etiquetar este rexistro!
|
MARC
| LEADER | 00000ngm^a2200000^a^4500 | ||
|---|---|---|---|
| 001 | 000186318 | ||
| 005 | 20250521000000.0 | ||
| 009 | 20260310102222.751 | ||
| 037 | |a Acervo ITESO - Biblioteca | ||
| 041 | |a ING | ||
| 082 | |a 819. 1 |b GAU | ||
| 100 | |a Gaudreault, Emile |e (realización) | ||
| 245 | 1 | 0 | |a Matrimonio a la italiana = |b Mambo italiano / |c Realización de E. Gaudreault. |
| 264 | 4 | |a Canadá : |b Cinémaginaire : |b Production Mambo, |c 2003, c2003 | |
| 264 | 2 | |a México : |b Zima Entertainment [distribución], |c copyright fecha no identificada | |
| 300 | |a 1 DVD regiones 1 y 4 |c (99 min.) | ||
| 336 | |a imagen móvil bidimensional |b tdi |2 rdacontenido | ||
| 337 | |a video |b v |2 rdamedio | ||
| 338 | |a videodisco |b vd |2 rdasoporte | ||
| 500 | |a Basado en: Mambo italiano, de Steve Galluccio | ||
| 546 | |a En inglés, con subtítulos opcionales: español | ||
| 649 | |a XX | ||
| 650 | |a Italianos en Canadá – |x Condiciones Sociales y Culturales - |x Tema Principal | ||
| 650 | |a Comedias Románticas | ||
| 650 | |a Comedias Cinematográficas | ||
| 650 | |a Cine Gay y Lésbico - |z Canadá | ||
| 650 | |a Cine en Inglés - |z Quebec, Canadá | ||
| 650 | |a Cine en Inglés - |z Canadá | ||
| 650 | |a Cine Quebequense - |y 2000-2009 | ||
| 650 | |a Cine Quebequense - |y Siglo XXI | ||
| 650 | |a Cine Canadiense - |y 2000-2009 | ||
| 650 | |a Cine Canadiense - |y Siglo XXI | ||
| 650 | |a Teatro Quebequense - |x Adaptaciones para Cine | ||
| 650 | |a Teatro Canadiense - |x Adaptaciones para Cine | ||
| 650 | |a Literatura Quebequense - |y Siglo XXI - |x Adaptaciones para Cine | ||
| 650 | |a Literatura Canadiense - |y Siglo XXI - |x Adaptaciones para Cine | ||
| 650 | |a Literatura y Cine | ||
| 650 | |a Relaciones Familiares | ||
| 650 | |a Relaciones de Pareja | ||
| 650 | |a Homosexualidad - |z Quebec, Canadá - |x Aspectos Sociales y Culturales - |x Tema Principal | ||
| 650 | |a Homosexualidad - |z Canadá - |x Aspectos Sociales y Culturales | ||
| 650 | |a Sexualidad - |z Canadá - |x Aspectos Sociales y Culturales | ||
| 650 | |a Homofobia - |z Canadá | ||
| 650 | |a Problemas Sociales - |z Canadá | ||
| 700 | |a Gaudreault, Emile |e (guión) | ||
| 700 | |a Ladouceur, Serge |e (fotógrafo) | ||
| 700 | |a Comeau, Richard |e (montaje) | ||
| 700 | |a Le Sieur, FM |e (música) | ||
| 700 | |a Kirby, Luke |e (actuación) | ||
| 700 | |a Reno, Ginette |e (actuación) | ||
| 700 | |a Sorvino, Paul |e (actuación) | ||
| 910 | |a Fondo General | ||
| 920 | |a Audiovisuales - DVDs | ||
| 940 | |a Películas | ||
| 905 | |a 302 | ||
| 901 | |a 0500094113 |b IT2 |c DVS |u 20250521 | ||
| 902 | |a https://opac.biblio.iteso.mx/vufind/Record/000186318 | ||